000 01158naa a22003617a 4500
001 BR7904812
003 BR-BrBNA
005 20250716090236.0
007 ta
008 250630b bl.|||m| |||| 00| 0 por d
040 _aBR-BrBNA
_bpor
_cBiblioteca Nacional de Agricultura
041 _a(Pt)
072 _aF30; F00
_b0336
_b3575
_bG514
090 _aF30 BR7904812
100 1 _aCosta, A.V.
100 1 _aRolim, R.B.
100 1 _aMonteiro, P.M.F. de O.
100 1 _aVilela, L.
100 1 _aMoraes, E.A.
100 1 _aCorrea Neto, J.
245 1 _aDeterminacao da qualidade da semente atraves do metodo de envelhecimento, em campo [Determinacao; Soja; Glycine max; Goias; Brasil]
_bProjeto soja
500 _aRelatorio tecnico 1978 Goiania, GO (Brasil): 1979. p. 160-162 (BR7904812-AMS)
650 _aMelhoramento genetico vegetal
650 _aProducao vegetal
650 _aSoja
650 _aSemente
650 _aEnvelhecimento
650 _aDeterioracao
650 _aGoias
490 _aRelatorio Tecnico - Empresa Goiana de Pesquisa Agropecuaria (Brazil)
942 _cAMS
_2AGRIS
909 _a202506
_bLúcia
_c55
_dLúcia Elande
999 _c333415
_d333415